UK National Rail with Map - c2c - Statistics

General Stats
  • This quiz has been taken 247 times
  • The average score is 19 of 28
Answers on the Map
Answers color-coded by a green-red scale on the quiz's map according to % correct below.
 
Answer Stats
Answer Line % Correct
London Fenchurch Street Main Line
95%
London Liverpool Street Great Eastern Main Line
92%
Barking Main Line
91%
Stratford Great Eastern Main Line
91%
Southend Central Main Line
86%
West Ham Main Line
86%
Limehouse Main Line
85%
Shoeburyness Main Line
84%
Grays Tilbury Loop
83%
Upminster Main Line
83%
Ockendon Ockendon Branch
76%
Dagenham Dock Tilbury Loop
74%
Basildon Main Line
70%
Rainham Tilbury Loop
69%
Southend East Main Line
67%
Chafford Hundred Ockendon Branch
63%
Tilbury Town Tilbury Loop
61%
Pitsea Main Line
60%
Purfleet Tilbury Loop
57%
Leigh-on-Sea Main Line
54%
East Tilbury Tilbury Loop
51%
Thorpe Bay Main Line
51%
Benfleet Main Line
49%
Westcliff Main Line
48%
Laindon Main Line
43%
West Horndon Main Line
42%
Chalkwell Main Line
41%
Stanford-le-Hope Tilbury Loop
41%
No matching quizzes found
Score Distribution
Percent of People with Each Score
Percentile by Number Answered
Your Score History
You have not taken this quiz